A mother's place : taking the debate about working mothers beyond guilt and blame /

"A leading New York Times journalist documents and debunks society's backlash against working mothers and presents a new vision of motherhood." "A Mother's Place, which evolved from a series of frontpage articles that Susan Chira wrote for the New York Times, exposes the dis...

Full description

Saved in:
Bibliographic Details
Main Author: Chira, Susan.
Format: Book
Language:English
Published: New York : HarperCollins Publishers, c1998.
Edition:1st ed.
Subjects:
Tags: Add Tag
No Tags, Be the first to tag this record!
LEADER 01815pam a2200277 a 4500
001 007776150-2
005 20020606104010.5
008 971022s1998 nyu b 001 0 eng
010 |a  97044916  
020 |a 0060173270 
035 0 |a ocm37878735 
040 |a DLC  |c DLC  |d SLR 
043 |a n-us--- 
050 0 0 |a HQ759.48  |b .C48 1998 
082 0 0 |a 306.874/3  |2 21 
100 1 |a Chira, Susan. 
245 1 2 |a A mother's place :  |b taking the debate about working mothers beyond guilt and blame /  |c Susan Chira. 
250 |a 1st ed. 
260 |a New York :  |b HarperCollins Publishers,  |c c1998. 
300 |a xviii, 318 p. ;  |c 25 cm. 
504 |a Includes bibliographical references (p. [293]-310) and index. 
520 1 |a "A leading New York Times journalist documents and debunks society's backlash against working mothers and presents a new vision of motherhood." "A Mother's Place, which evolved from a series of frontpage articles that Susan Chira wrote for the New York Times, exposes the distortions that have wrongly convinced many women that "good mothers stay at home." Chira demonstrates how women can challenge the conventional wisdom and strike the balance that best suits them and their children." "Reviewing the latest scientific research, Chira shows that, contrary to popular belief, children of working mothers turn out just as well as those raised by mothers who stay home, and she explains how the media, the courts, and politicians distort this data to suit their own agendas. The reality that most experts have chosen to ignore, Chira argues, is that a mother's happiness and satisfaction have a much more profound effect on her children than whether or not she works."--Jacket. 
650 0 |a Working mothers  |z United States. 
650 0 |a Motherhood  |z United States. 
988 |a 20020608 
906 |0 DLC